All Undead Skylanders - Statistics

General Stats
  • This quiz has been taken 33 times
  • The average score is 20 of 21
Answer Stats
Hint Answer % Correct
SSA Chop Chop
100%
Giants Eye Brawl
100%
SSA Hex
100%
Trap Team Krypt King
100%
Trap Team Bat Spin
96%
SSA Cynder
96%
SSA Ghost Roaster
96%
Trap Team Shortcut
96%
Imaginators Wolfgang
96%
Superchargers Bone Bash Roller Brawl
92%
Mini Eye Small
92%
Superchargers Fiesta
92%
Giants Fright Rider
92%
SWAP Force Night Shift
92%
SWAP Force Rattle Shake
92%
SWAP Force Roller Brawl
92%
Imaginators Chopscotch
88%
Trap Team Funny Bone
88%
SWAP Force Grim Creeper
88%
Imaginators Pit Boss
85%
Mini Hijinx
81%
No matching quizzes found
Score Distribution
Percent of People with Each Score
Percentile by Number Answered
Your Score History
You have not taken this quiz